=LDR 00000nam 2200000 4500 =001 000647 =005 20250711010032 =035 ##$$a 0010-0725000515 =007 ta =008 250711################a##########0#ind## =020 ##$$a 978-623-307-503-9 =082 ##$$a 398.209 598 =084 ##$$a 398.209 598 KOM a =100 #$$a komar Rien Komar Cheh =245 1#$$a Ayah sedang apa? /$c komar Rien Komar Cheh =250 ##$$a Pertama =260 ##$$a Jakarta :$b Badan pengembangan dan pembinaan bahasa,$c 2022 =300 ##$$a 24 hlm. : $b ilus. ; $c 21,5 cm =650 #4$$a Cerita anak Indonesia terjemahan =650 #4$$a Literasi bahan bacaan =700 #$$a Yam Luy Chhuy =990 ##$$a TBM04150415